000 00712cai a22001815a 4500
001 L158408
008 150205u xxk g 000 0 eng d
035 _a(Sirsi) u158408
041 0 _aeng
110 2 _aThe World Bank
_93115
245 0 0 _aWorld Bank
_bInfrastructure
520 _aIncludes development indicators which contain more than 1 000 time series projections. Also with other worldwide infrastructure indicators such as rail line statistics, water sources and electric power consumption.
590 _aKA
651 4 _aInternational
690 _aInfrastructure
_96246
856 4 0 _uhttps://data.worldbank.org/topic/infrastructure
_zView the website free of charge at data.worldbank.org
942 _n0
999 _c121025
_d121025